000 00924nas a2200289 4500
001 BR7503615
003 BR-BrBNA
005 20231205082841.0
007 ta
008 230509b bl.|||p| |||| 00| 00por d
040 _aBR-BrBNA
_bpor
_cBiblioteca Nacional de Agricultura
041 _a(Pt)
072 _aL30; L36
100 1 _aSebastia, J.M.
100 1 _aQuadros, A.T.
100 1 _aGavillon, O.
245 1 _aTeor de tanino nas diversas variedades de graos de sorgos em estudo no Rio Grande do Sul [nutricao animal, Brasil]
650 _aVARIEDADE
650 _aSORGO GRANIFERO
650 _aADITIVO
650 _aTANINO
650 _aNUTRICAO ANIMAL
650 _aRIO GRANDE DO SUL
773 0 _tAnuario Tecnico do Instituto de Pesquisas Zootecnicas Francisco Osorio (Brazil)
_xISSN 0100-2546
_g(Mar 1975), v. 2 p. 335-345
_wBR7503615
909 _a202311
_bLúcia
_c55
_dLúcia Elande
942 _2AGRIS
_n0
_cANA
999 _c94615
_d94615